| 000 | 00567nam a2200205Ia 4500 | ||
|---|---|---|---|
| 003 | OSt | ||
| 005 | 20251211123139.0 | ||
| 008 | 210707s1983 xx 000 0 und d | ||
| 040 | _cAL | ||
| 041 | _aKannada | ||
| 082 | _aK894.6 SIMS | ||
| 100 |
_aSIMPI LINGANNA _d ಸಿಂಪಿ ಲಿಂಗಣ್ಣ _9248854 |
||
| 245 |
_aSvargadolegalu. _bಸ್ವರ್ಗದೊಲೆಗಳು |
||
| 260 |
_aBengaluru _bVishva Kannada Sammelana _c1983 |
||
| 300 | _aiv,128 p | ||
| 365 |
_b2 _cINR |
||
| 563 | _aPB | ||
| 650 |
_aKannada Letters _9248855 |
||
| 942 |
_2ddc _cBK |
||
| 999 |
_c180181 _d180181 |
||